000 00723cam a22002418a 4500
008
020 _a1857151801(hbk.)
049 _aMAIN
050 0 0 _aPR6023.A93
_bLAW
100 1 _aLawrence, D.H.
240 1 0 _aShort stories.
_kSelections
245 1 0 _aCollected stories /
_cD.H. Lawrence.
246 _aWith an introduction by Craig Raine.
260 _aNew York :
_bKnopf :
_bDistributed by Random House,
_cc1994.
300 _a1397p.
_c20 cm.
490 0 _aEveryman's library
651 0 _aEngland
_xSocial life and customs
_y19th century
_xFiction.
907 _a.b10201816
_b23-04-12
_c09-05-06
003
005 20230123134213.0
040 _cNUST
942 _cBOOKS
999 _c161833
_d161833